Religious art & archiecture of North-East India / (Record no. 33566)

MARC details
000 -LEADER
fixed length control field 00943nam a22002655a 4500
005 - DATE AND TIME OF LATEST TRANSACTION
control field 20080522115808.0
008 - FIXED-LENGTH DATA ELEMENTS--GENERAL INFORMATION
fixed length control field 080520s2008 nyu 000 0 eng
010 ## - LCCN (DPL NO)
LC control number ENG-95805
020 ## - INTERNATIONAL STANDARD BOOK NUMBER
International Standard Book Number 9788173200915
Terms of availability 1950.00
020 ## - INTERNATIONAL STANDARD BOOK NUMBER
International Standard Book Number 8173200915
Terms of availability 1950.00
035 ## - SYSTEM CONTROL NUMBER
System control number EN-79338
037 ## - SOURCE OF ACQUISITION
Source of stock number/acquisition DBAD/PUB
040 ## - CATALOGING SOURCE
Original cataloging agency DPL
082 ## - DEWEY DECIMAL CLASSIFICATION NUMBER
Classification number 726.1450954
100 ## - MAIN ENTRY--PERSONAL NAME
Personal name Padhi, Braja Kishor
245 ## - TITLE STATEMENT
Title Religious art & archiecture of North-East India /
Statement of responsibility, etc by Braja Kishor Padhi
250 ## - EDITION STATEMENT
Edition statement .
260 ## - PUBLICATION, DISTRIBUTION, ETC. (IMPRINT)
Place of publication, distribution, etc New Delhi
Name of publisher, distributor, etc Agam Kala Prakashan
Date of publication, distribution, etc 2009
270 ## - ADDRESS
Address 34, Central Market, Ashok Vihar
City New Delhi
Postal code 110052
300 ## - PHYSICAL DESCRIPTION
Extent xix,284p
Other physical details 28cm, (Hb)
500 ## - GENERAL NOTE
General note Includes Index
942 ## - ADDED ENTRY ELEMENTS (KOHA)
Source of classification or shelving scheme Dewey Decimal Classification
Item type English Books
Call number suffix PAD
Classification part 726.1450954
Holdings
Withdrawn status Lost status Source of classification or shelving scheme Damaged status Not for loan Collection code Home library Current library Date acquired Source of acquisition Cost, normal purchase price Total Checkouts Full call number Barcode Date last seen Copy number Cost, replacement price Koha item type
    Dewey Decimal Classification   Not For Loan Non-fiction D.B.Act.Division D.B.Act.Division 01/01/2010 DBAD/PUB 1950.00   726.1450954 PAD EN-79338 09/01/2010 1 1950.00 English Books

© Delhi Public Library
Hit Counter
free hit counter